[Event "V. Dvorkovich Cup 2015 juniors"]
[Site "Moscow"]
[Date "2015.06.23"]
[Round "1.1"]
[White "Pranavananda IND, V"]
[Black "Sibashvili GEO, Giorgi"]
[Result "0-1"]
[LiveChessVersion "1.4.4"]
[BlackElo "2388"]
[WhiteElo "2246"]

1. Nf3 {[%clk 1:28:41]} d5 {[%clk 1:29:40]} 2. c4 {[%clk 1:27:50]} d4
{[%clk 1:29:46]} 3. b4 {[%clk 1:26:48]} c5 {[%clk 1:26:00]} 4. e3
{[%clk 1:23:27]} dxe3 {[%clk 1:24:48]} 5. fxe3 {[%clk 1:23:49]} cxb4
{[%clk 1:24:39]} 6. d4 {[%clk 1:23:16]} e6 {[%clk 1:18:36]} 7. Bd3
{[%clk 1:21:56]} g6 {[%clk 0:57:12]} 8. Bb2 {[%clk 0:45:58]} Bg7 {[%clk 0:56:37]}
9. Qb3 {[%clk 0:41:11]} Ne7 {[%clk 0:38:43]} 10. a3 {[%clk 0:30:12]} bxa3
{[%clk 0:35:57]} 11. Nxa3 {[%clk 0:30:38]} O-O {[%clk 0:34:37]} 12. h4
{[%clk 0:29:52]} h5 {[%clk 0:26:22]} 13. c5 {[%clk 0:21:30]} b6 {[%clk 0:21:43]}
14. Nc4 {[%clk 0:20:17]} Nbc6 {[%clk 0:13:33]} 15. Ng5 {[%clk 0:05:48]} bxc5
{[%clk 0:12:32]} 16. dxc5 {[%clk 0:04:34]} Rb8 {[%clk 0:12:11]} 17. Qa3
{[%clk 0:04:34]} Bxb2 {[%clk 0:07:57]} 18. Nxb2 {[%clk 0:05:01]} Rxb2
{[%clk 0:06:53]} 19. O-O-O {[%clk 0:03:27]} Rb4 {[%clk 0:06:46]} 20. Bxg6
{[%clk 0:03:01]} Qa5 {[%clk 0:06:49]} 21. Bh7+ {[%clk 0:00:59]} Kg7
{[%clk 0:06:50]} 22. Qc3+ {[%clk 0:01:21]} f6 {[%clk 0:06:46]} 0-1

[Event "V. Dvorkovich Cup 2015 juniors"]
[Site "Moscow"]
[Date "2015.06.23"]
[Round "1.2"]
[White "Tutisani GEO, Noe"]
[Black "Baivab IND, Mishra"]
[Result "1-0"]
[LiveChessVersion "1.4.4"]
[BlackElo "2057"]
[WhiteElo "2300"]

1. e4 {[%clk 1:30:57]} c5 {[%clk 1:29:14]} 2. Nf3 {[%clk 1:31:17]} g6
{[%clk 1:29:36]} 3. c3 {[%clk 1:31:01]} d5 {[%clk 1:25:10]} 4. e5
{[%clk 1:31:18]} Nc6 {[%clk 1:22:58]} 5. d4 {[%clk 1:29:55]} cxd4
{[%clk 1:23:27]} 6. cxd4 {[%clk 1:30:14]} Bg4 {[%clk 1:23:48]} 7. Bb5
{[%clk 1:30:29]} Qb6 {[%clk 1:09:58]} 8. Nc3 {[%clk 1:05:35]} Bxf3
{[%clk 1:09:00]} 9. Qxf3 {[%clk 1:05:55]} Qxd4 {[%clk 0:54:31]} 10. Be3
{[%clk 1:05:32]} Qxe5 {[%clk 0:48:45]} 11. O-O-O {[%clk 1:05:54]} Bg7
{[%clk 0:31:35]} 12. Rxd5 {[%clk 0:49:51]} Qc7 {[%clk 0:22:06]} 13. Bf4
{[%clk 0:41:05]} Bh6 14. Bxh6 {[%clk 0:39:08]} Nxh6 {[%clk 0:20:51]} 15. Rhd1
{[%clk 0:29:01]} O-O {[%clk 0:19:34]} 16. Rd7 {[%clk 0:27:37]} Qe5
{[%clk 0:05:21]} 17. Rxb7 {[%clk 0:24:01]} Nd4 {[%clk 0:04:40]} 18. Qe3
{[%clk 0:19:18]} Qxe3+ {[%clk 0:04:18]} 19. fxe3 {[%clk 0:19:43]} Nxb5
{[%clk 0:04:40]} 20. Nxb5 {[%clk 0:19:58]} a6 21. Nc7 {[%clk 0:15:07]} Rac8
{[%clk 0:02:49]} 22. Rd7 {[%clk 0:13:55]} Nf5 {[%clk 0:02:09]} 23. Kd2
{[%clk 0:13:56]} Rfd8 {[%clk 0:01:29]} 24. Nxa6 {[%clk 0:13:44]} Nd6
{[%clk 0:00:56]} 25. Rxd8+ {[%clk 0:13:43]} Rxd8 {[%clk 0:01:25]} 26. Rb8
{[%clk 0:14:06]} Rxb8 {[%clk 0:00:42]} 27. Nxb8 {[%clk 0:14:23]} Nc4+
{[%clk 0:00:38]} 28. Kc3 {[%clk 0:14:29]} Nxe3 {[%clk 0:01:06]} 29. a4
{[%clk 0:14:47]} Kf8 {[%clk 0:00:56]} 30. a5 {[%clk 0:14:54]} Ke8
{[%clk 0:01:04]} 31. Kd4 {[%clk 0:14:05]} Nf5+ {[%clk 0:00:41]} 32. Kc5
{[%clk 0:14:23]} Kd8 {[%clk 0:01:10]} 33. Kb6 {[%clk 0:14:33]} Kc8
{[%clk 0:00:53]} 34. Nc6 {[%clk 0:14:59]} Nd6 {[%clk 0:00:36]} 35. b3
{[%clk 0:14:24]} 1-0

[Event "V. Dvorkovich Cup 2015 juniors"]
[Site "Moscow"]
[Date "2015.06.23"]
[Round "1.3"]
[White "Yogit IND, S"]
[Black "Ghvamberia GEO, Nika"]
[Result "0-1"]
[LiveChessVersion "1.4.4"]
[BlackElo "2133"]
[WhiteElo "1951"]

1. e4 {[%clk 1:30:56]} c5 {[%clk 1:30:53]} 2. Nf3 {[%clk 1:31:20]} e6
{[%clk 1:30:48]} 3. d4 {[%clk 1:31:41]} cxd4 {[%clk 1:31:13]} 4. Nxd4
{[%clk 1:32:05]} a6 {[%clk 1:31:35]} 5. Nc3 {[%clk 1:32:08]} Qc7 {[%clk 1:31:58]}
6. Bd3 {[%clk 1:32:16]} Nf6 {[%clk 1:31:54]} 7. O-O {[%clk 1:32:29]} Nc6
{[%clk 1:31:34]} 8. Be3 {[%clk 1:27:02]} Nxd4 {[%clk 1:25:52]} 9. Bxd4
{[%clk 1:27:20]} Bc5 {[%clk 1:26:17]} 10. Bxc5 {[%clk 1:22:26]} Qxc5
{[%clk 1:26:41]} 11. Qe2 {[%clk 1:21:44]} d6 {[%clk 1:25:57]} 12. Kh1
{[%clk 1:17:34]} O-O {[%clk 1:23:16]} 13. f4 {[%clk 1:14:29]} e5 {[%clk 1:18:37]}
14. Nd5 {[%clk 1:00:34]} Nxd5 {[%clk 1:09:55]} 15. exd5 {[%clk 1:01:01]} Qxd5
{[%clk 0:58:27]} 16. Rad1 {[%clk 1:01:04]} Qc5 {[%clk 0:56:46]} 17. f5
{[%clk 0:48:50]} f6 {[%clk 0:48:19]} 18. Bc4+ {[%clk 0:43:47]} Kh8
{[%clk 0:48:35]} 19. Rf3 {[%clk 0:41:56]} Bd7 {[%clk 0:43:15]} 20. Rc3
{[%clk 0:39:50]} Bb5 {[%clk 0:26:15]} 21. Bxb5 {[%clk 0:39:32]} Qxb5
{[%clk 0:26:38]} 22. Qxb5 {[%clk 0:39:53]} axb5 {[%clk 0:27:03]} 23. a3
{[%clk 0:40:06]} b4 {[%clk 0:24:16]} 24. axb4 {[%clk 0:38:52]} Ra2
{[%clk 0:19:16]} 25. b3 {[%clk 0:33:05]} d5 {[%clk 0:17:08]} 26. Kg1
{[%clk 0:27:16]} d4 {[%clk 0:16:36]} 27. Rc7 {[%clk 0:27:38]} Kg8
{[%clk 0:16:07]} 28. c3 {[%clk 0:21:11]} Rc2 {[%clk 0:15:35]} 29. c4
{[%clk 0:14:12]} Ra8 {[%clk 0:15:05]} 30. Rxb7 {[%clk 0:14:02]} h5
{[%clk 0:13:34]} 31. b5 {[%clk 0:11:28]} Raa2 {[%clk 0:13:56]} 32. b6
{[%clk 0:08:24]} Rxg2+ {[%clk 0:12:47]} 33. Kh1 {[%clk 0:07:22]} Rxh2+
{[%clk 0:13:12]} 34. Kg1 {[%clk 0:07:46]} h4 {[%clk 0:09:31]} 35. Rd3
{[%clk 0:05:28]} Rhb2 {[%clk 0:04:00]} 36. Rf3 {[%clk 0:05:33]} h3
{[%clk 0:03:17]} 37. Rb8+ {[%clk 0:05:33]} Kf7 {[%clk 0:03:46]} 38. b7
{[%clk 0:05:39]} h2+ {[%clk 0:04:02]} 0-1

[Event "V. Dvorkovich Cup 2015 juniors"]
[Site "Moscow"]
[Date "2015.06.23"]
[Round "1.4"]
[White "Khomeriki GEO, Nino"]
[Black "Varshini IND, V"]
[Result "1-0"]
[LiveChessVersion "1.4.4"]
[BlackElo "2126"]
[WhiteElo "2244"]

1. Nf3 {[%clk 1:30:48]} d5 {[%clk 1:30:33]} 2. c4 {[%clk 1:31:05]} e6
{[%clk 1:30:24]} 3. g3 {[%clk 1:31:29]} Nf6 {[%clk 1:30:34]} 4. Bg2
{[%clk 1:31:51]} Be7 {[%clk 1:30:07]} 5. O-O {[%clk 1:32:13]} O-O
{[%clk 1:30:00]} 6. b3 {[%clk 1:32:33]} b6 {[%clk 1:28:02]} 7. Bb2
{[%clk 1:32:56]} Bb7 {[%clk 1:28:20]} 8. e3 {[%clk 1:32:55]} Nbd7
{[%clk 1:27:14]} 9. Nc3 {[%clk 1:31:30]} c5 {[%clk 1:26:35]} 10. Qe2
{[%clk 1:31:19]} Ne4 {[%clk 1:20:58]} 11. cxd5 {[%clk 1:27:45]} exd5
{[%clk 1:20:27]} 12. d4 {[%clk 1:25:58]} Ndf6 {[%clk 1:13:04]} 13. Rfd1
{[%clk 1:24:06]} Nxc3 {[%clk 0:59:13]} 14. Bxc3 {[%clk 1:24:29]} Ne4
{[%clk 0:54:55]} 15. Bb2 {[%clk 1:24:52]} Bd6 {[%clk 0:47:30]} 16. dxc5
{[%clk 1:24:04]} bxc5 {[%clk 0:47:14]} 17. Nh4 {[%clk 1:13:59]} f5
{[%clk 0:40:18]} 18. Rac1 {[%clk 1:02:56]} Qe8 {[%clk 0:30:46]} 19. f4
{[%clk 0:48:13]} a5 {[%clk 0:20:55]} 20. Nf3 {[%clk 0:40:01]} Qe6
{[%clk 0:16:27]} 21. Be5 {[%clk 0:39:50]} Be7 {[%clk 0:14:30]} 22. Qb2
{[%clk 0:39:02]} Rf7 {[%clk 0:14:15]} 23. Qc2 {[%clk 0:27:01]} Bf8
{[%clk 0:13:04]} 24. Bf1 {[%clk 0:24:17]} Qb6 {[%clk 0:09:37]} 25. Bb2
{[%clk 0:19:39]} Rc7 {[%clk 0:07:25]} 26. Ne5 {[%clk 0:18:34]} Bd6
{[%clk 0:06:24]} 27. Bg2 {[%clk 0:16:42]} Rcc8 {[%clk 0:03:52]} 28. Bxe4
{[%clk 0:16:03]} fxe4 {[%clk 0:04:02]} 29. Qe2 {[%clk 0:15:00]} Bxe5
{[%clk 0:01:54]} 30. Bxe5 {[%clk 0:15:27]} Qe6 {[%clk 0:02:23]} 31. Qb2
{[%clk 0:13:45]} Qe7 {[%clk 0:00:53]} 32. Rc2 {[%clk 0:12:03]} a4
{[%clk 0:00:41]} 33. Rf2 {[%clk 0:12:06]} axb3 {[%clk 0:00:38]} 34. axb3
{[%clk 0:12:30]} Ra6 {[%clk 0:00:51]} 35. f5 {[%clk 0:12:35]} Rf8
{[%clk 0:00:40]} 36. Rdf1 {[%clk 0:12:48]} Rh6 {[%clk 0:00:33]} 37. Rf4
{[%clk 0:12:21]} Bc8 {[%clk 0:00:39]} 38. f6 {[%clk 0:09:52]} gxf6
{[%clk 0:00:45]} 39. Bxf6 {[%clk 0:10:20]} Qb7 {[%clk 0:00:36]} 40. Qe5
{[%clk 0:39:40]} Rg6 {[%clk 0:30:35]} 41. Be7 {[%clk 0:39:49]} Rxf4
{[%clk 0:27:19]} 42. Rxf4 {[%clk 0:40:11]} 1-0

[Event "V. Dvorkovich Cup 2015 juniors"]
[Site "Moscow"]
[Date "2015.06.23"]
[Round "1.5"]
[White "Oparin Dv.PRL, Grigoriy"]
[Black "Vavulin RUS, Maksim"]
[Result "1-0"]
[LiveChessVersion "1.4.4"]
[BlackElo "2445"]
[WhiteElo "2571"]

1. e4 {[%clk 1:30:28]} e5 {[%clk 1:30:50]} 2. Nf3 {[%clk 1:30:52]} Nc6
{[%clk 1:31:14]} 3. Bb5 {[%clk 1:31:16]} g6 {[%clk 1:31:31]} 4. O-O
{[%clk 1:30:03]} Bg7 {[%clk 1:31:44]} 5. c3 {[%clk 1:28:40]} a6 {[%clk 1:27:00]}
6. Ba4 {[%clk 1:27:34]} d6 {[%clk 1:25:53]} 7. d4 {[%clk 1:24:11]} b5
{[%clk 1:24:26]} 8. Bb3 {[%clk 1:21:46]} exd4 {[%clk 1:24:18]} 9. cxd4
{[%clk 1:16:34]} Nge7 {[%clk 1:21:20]} 10. Nc3 {[%clk 1:16:11]} Na5
{[%clk 1:19:38]} 11. Bc2 {[%clk 1:15:56]} O-O {[%clk 1:19:31]} 12. Bf4
{[%clk 1:10:02]} Bg4 {[%clk 1:17:21]} 13. h3 {[%clk 1:00:51]} Bxf3
{[%clk 1:17:18]} 14. Qxf3 {[%clk 1:01:14]} Bxd4 {[%clk 1:10:05]} 15. Rad1
{[%clk 1:01:28]} Nec6 {[%clk 1:09:21]} 16. b3 {[%clk 0:43:11]} Bg7
{[%clk 1:07:51]} 17. Qe3 {[%clk 0:37:26]} Qd7 {[%clk 1:03:59]} 18. Rfe1
{[%clk 0:35:23]} Rae8 {[%clk 1:02:30]} 19. Nd5 {[%clk 0:31:28]} Re6
{[%clk 0:57:40]} 20. h4 {[%clk 0:29:40]} Rfe8 {[%clk 0:46:25]} 21. h5
{[%clk 0:20:55]} Ne7 {[%clk 0:44:14]} 22. Qd2 {[%clk 0:13:56]} Nac6
{[%clk 0:42:56]} 23. Be3 {[%clk 0:13:09]} Re5 {[%clk 0:34:10]} 24. h6
{[%clk 0:12:31]} Bh8 {[%clk 0:34:29]} 25. Nf4 {[%clk 0:06:13]} b4
{[%clk 0:29:14]} 26. Bd3 {[%clk 0:05:38]} Ra5 {[%clk 0:28:23]} 27. Rc1
{[%clk 0:06:02]} Ne5 {[%clk 0:16:19]} 28. Be2 {[%clk 0:05:27]} Rb8
{[%clk 0:05:19]} 29. a4 {[%clk 0:05:16]} f5 {[%clk 0:05:13]} 30. Qc2
{[%clk 0:03:56]} fxe4 {[%clk 0:02:03]} 31. Qxc7 {[%clk 0:03:42]} Qxc7
{[%clk 0:02:28]} 32. Rxc7 {[%clk 0:04:08]} Nf5 {[%clk 0:02:39]} 33. Ba7
{[%clk 0:03:51]} Re8 {[%clk 0:00:44]} 34. Bb6 {[%clk 0:04:01]} Rc5
{[%clk 0:01:01]} 35. Bxc5 {[%clk 0:04:26]} dxc5 {[%clk 0:01:27]} 36. Bxa6
{[%clk 0:04:33]} e3 {[%clk 0:00:43]} 37. fxe3 {[%clk 0:04:48]} Nxh6
{[%clk 0:00:37]} 38. Rxc5 {[%clk 0:02:49]} Nf5 {[%clk 0:00:36]} 39. Rc8
{[%clk 0:03:10]} 1-0

[Event "V. Dvorkovich Cup 2015 juniors"]
[Site "Moscow"]
[Date "2015.06.23"]
[Round "1.6"]
[White "Khanin RUS, Semen"]
[Black "Antipov Dv.PRL, Mikhail Al."]
[Result "1/2-1/2"]
[LiveChessVersion "1.4.4"]
[BlackElo "2523"]
[WhiteElo "2405"]

1. e4 {[%clk 1:30:57]} c5 {[%clk 1:30:55]} 2. Nf3 {[%clk 1:31:23]} Nc6
{[%clk 1:31:16]} 3. Bb5 {[%clk 1:31:01]} g6 {[%clk 1:31:13]} 4. Bxc6
{[%clk 1:30:54]} bxc6 {[%clk 1:31:34]} 5. O-O {[%clk 1:30:53]} Bg7
{[%clk 1:31:56]} 6. Re1 {[%clk 1:30:46]} Nh6 {[%clk 1:31:53]} 7. c3
{[%clk 1:29:38]} O-O {[%clk 1:32:09]} 8. d4 {[%clk 1:22:49]} cxd4
{[%clk 1:32:31]} 9. cxd4 {[%clk 1:23:00]} d5 {[%clk 1:32:55]} 10. e5
{[%clk 1:19:48]} f6 {[%clk 1:33:14]} 11. e6 {[%clk 0:59:19]} Nf5 {[%clk 1:26:38]}
12. b3 {[%clk 0:54:12]} Nd6 {[%clk 1:21:11]} 13. Nc3 {[%clk 0:51:43]} f5
{[%clk 1:02:46]} 14. Ba3 {[%clk 0:32:34]} Ne4 {[%clk 1:00:36]} 15. Na4
{[%clk 0:32:47]} Bxe6 {[%clk 0:57:20]} 16. Ne5 {[%clk 0:30:57]} Bxe5
{[%clk 0:22:11]} 17. dxe5 {[%clk 0:31:16]} d4 {[%clk 0:22:13]} 18. Qd3
{[%clk 0:27:21]} Kf7 {[%clk 0:19:10]} 19. f3 {[%clk 0:24:39]} Nc3
{[%clk 0:19:22]} 20. Nxc3 {[%clk 0:24:57]} dxc3 {[%clk 0:19:48]} 21. Qxc3
{[%clk 0:25:06]} Qc7 {[%clk 0:16:45]} 22. Rac1 {[%clk 0:21:01]} Rac8
{[%clk 0:16:37]} 23. Red1 {[%clk 0:16:58]} Rfd8 {[%clk 0:16:21]} 24. Bc5
{[%clk 0:16:10]} a6 {[%clk 0:13:46]} 25. Be3 {[%clk 0:09:59]} Rxd1+
{[%clk 0:12:44]} 26. Rxd1 {[%clk 0:10:24]} Rd8 {[%clk 0:12:42]} 27. Rxd8
{[%clk 0:07:31]} Qxd8 {[%clk 0:13:08]} 28. Qxc6 {[%clk 0:04:27]} f4
{[%clk 0:13:19]} 29. Bc1 {[%clk 0:03:01]} Qd4+ {[%clk 0:09:50]} 30. Kf1
{[%clk 0:03:21]} Qd1+ {[%clk 0:04:24]} 1/2-1/2

[Event "V. Dvorkovich Cup 2015 juniors"]
[Site "Moscow"]
[Date "2015.06.23"]
[Round "1.7"]
[White "Golubov Dv.PRL, Saveliy"]
[Black "Elistratov RUS, Semen"]
[Result "1-0"]
[LiveChessVersion "1.4.4"]
[BlackElo "2311"]
[WhiteElo "2433"]

1. e4 {[%clk 1:30:53]} c5 {[%clk 1:30:55]} 2. Nf3 {[%clk 1:31:16]} d6
{[%clk 1:31:22]} 3. d4 {[%clk 1:31:35]} Nf6 {[%clk 1:31:44]} 4. Nc3
{[%clk 1:31:58]} cxd4 {[%clk 1:32:02]} 5. Nxd4 {[%clk 1:32:19]} a6
{[%clk 1:32:27]} 6. h3 {[%clk 1:32:42]} e6 {[%clk 1:32:33]} 7. g4
{[%clk 1:32:38]} Nfd7 {[%clk 1:32:20]} 8. Be3 {[%clk 1:26:54]} Nc6
{[%clk 1:31:27]} 9. Qd2 {[%clk 1:26:35]} Nde5 {[%clk 1:26:20]} 10. O-O-O
{[%clk 1:26:20]} Nxd4 {[%clk 1:24:59]} 11. Qxd4 Nc6 {[%clk 1:23:58]} 12. Qd2
{[%clk 1:25:49]} Be7 {[%clk 1:22:37]} 13. Bg2 {[%clk 1:24:20]} O-O
{[%clk 1:21:31]} 14. Kb1 {[%clk 1:24:15]} Rb8 {[%clk 1:19:29]} 15. f4
{[%clk 1:21:47]} Qc7 {[%clk 1:16:51]} 16. h4 b5 {[%clk 1:14:34]} 17. g5
{[%clk 1:17:56]} b4 {[%clk 1:09:17]} 18. Ne2 {[%clk 1:17:54]} a5 {[%clk 1:06:33]}
19. Ng3 {[%clk 1:07:58]} a4 {[%clk 0:58:20]} 20. b3 {[%clk 0:59:19]} Rd8
{[%clk 0:54:06]} 21. f5 {[%clk 0:56:34]} Bf8 {[%clk 0:51:42]} 22. h5
{[%clk 0:50:19]} Na7 {[%clk 0:43:52]} 23. Bxa7 {[%clk 0:43:17]} Qxa7
{[%clk 0:44:10]} 24. g6 {[%clk 0:38:51]} Qa5 {[%clk 0:33:12]} 25. gxf7+
{[%clk 0:35:43]} Kh8 {[%clk 0:33:05]} 26. h6 {[%clk 0:33:53]} gxh6
{[%clk 0:30:36]} 27. Rxh6 {[%clk 0:33:45]} Qe5 {[%clk 0:28:18]} 28. Rxh7+
{[%clk 0:33:49]} Kxh7 {[%clk 0:28:43]} 29. Rh1+ {[%clk 0:34:13]} Kg7
{[%clk 0:29:10]} 30. Qh6+ 1-0

[Event "V. Dvorkovich Cup 2015 juniors"]
[Site "Moscow"]
[Date "2015.06.23"]
[Round "1.8"]
[White "Dordzhieva RUS, Dinara"]
[Black "Paramzina Dv.PRL, Anastasya"]
[Result "1-0"]
[LiveChessVersion "1.4.4"]
[BlackElo "2328"]
[WhiteElo "2263"]

1. c4 {[%clk 1:30:58]} e6 {[%clk 1:30:51]} 2. Nf3 {[%clk 1:31:00]} d5
{[%clk 1:31:04]} 3. g3 {[%clk 1:31:27]} Nf6 {[%clk 1:30:58]} 4. Bg2
{[%clk 1:31:50]} Be7 {[%clk 1:29:16]} 5. O-O {[%clk 1:31:42]} O-O
{[%clk 1:29:28]} 6. b3 {[%clk 1:32:03]} b6 {[%clk 1:28:18]} 7. Bb2
{[%clk 1:32:06]} Bb7 {[%clk 1:28:03]} 8. e3 {[%clk 1:31:54]} c5 {[%clk 1:28:05]}
9. Nc3 {[%clk 1:30:16]} Nc6 {[%clk 1:22:22]} 10. cxd5 {[%clk 1:27:35]} Nxd5
{[%clk 0:55:00]} 11. Nxd5 {[%clk 1:24:58]} Qxd5 {[%clk 0:54:14]} 12. d4
{[%clk 1:23:52]} Rad8 {[%clk 0:34:10]} 13. Ne5 {[%clk 1:19:21]} Qd6
{[%clk 0:34:14]} 14. dxc5 {[%clk 1:01:13]} Qxc5 {[%clk 0:22:29]} 15. Qe2
{[%clk 0:55:04]} Nxe5 {[%clk 0:07:11]} 16. Bxb7 {[%clk 0:55:27]} Qc7
{[%clk 0:06:07]} 17. Be4 {[%clk 0:50:16]} f5 {[%clk 0:06:08]} 18. Bg2
{[%clk 0:50:44]} Bf6 {[%clk 0:04:29]} 19. Rfd1 {[%clk 0:44:04]} Qf7
{[%clk 0:04:14]} 20. Rac1 {[%clk 0:44:02]} Ng4 {[%clk 0:03:29]} 21. Ba3
{[%clk 0:44:06]} Rxd1+ {[%clk 0:02:40]} 22. Rxd1 {[%clk 0:44:11]} Rc8
{[%clk 0:02:47]} 23. Qa6 {[%clk 0:34:05]} Rc7 {[%clk 0:01:29]} 24. h3
{[%clk 0:30:00]} Ne5 {[%clk 0:01:21]} 25. f4 {[%clk 0:27:21]} Nd7
{[%clk 0:00:54]} 26. Qe2 {[%clk 0:23:58]} h5 {[%clk 0:00:50]} 27. e4
{[%clk 0:21:40]} Kh7 {[%clk 0:00:56]} 28. e5 {[%clk 0:13:58]} Bd8
{[%clk 0:01:06]} 29. Qd3 {[%clk 0:10:39]} g5 {[%clk 0:00:52]} 30. Bd6
{[%clk 0:10:42]} Rc8 {[%clk 0:00:35]} 31. Qd2 {[%clk 0:08:05]} b5
{[%clk 0:00:54]} 32. fxg5 {[%clk 0:07:49]} Bb6+ 33. Kh2 Qg7 {[%clk 0:01:11]} 34.
h4 {[%clk 0:07:58]} b4 {[%clk 0:00:43]} 35. Qe2 {[%clk 0:05:37]} Qf7
{[%clk 0:00:57]} 36. Bf3 {[%clk 0:06:03]} f4 {[%clk 0:01:23]} 37. Qe4+
{[%clk 0:06:23]} Qg6 {[%clk 0:01:01]} 38. Qxg6+ {[%clk 0:05:56]} Kxg6
{[%clk 0:01:27]} 39. Be4+ {[%clk 0:06:24]} Kf7 {[%clk 0:01:36]} 40. gxf4
{[%clk 0:36:46]} Be3 {[%clk 0:31:55]} 41. Rf1 {[%clk 0:34:15]} Bd4
{[%clk 0:31:11]} 42. Bxb4 {[%clk 0:33:22]} Nb6 {[%clk 0:30:29]} 43. Bd6
{[%clk 0:33:12]} Rc3 {[%clk 0:30:42]} 44. f5 {[%clk 0:33:11]} exf5
{[%clk 0:30:56]} 45. Bxf5 1-0

[Event "V. Dvorkovich Cup 2015 juniors"]
[Site "Moscow"]
[Date "2015.06.23"]
[Round "1.9"]
[White "Beks LAT, Edmunds"]
[Black "Barseghyan ARM, Harutyun"]
[Result "0-1"]
[LiveChessVersion "1.4.4"]
[BlackElo "2218"]
[WhiteElo "2043"]

1. e4 {[%clk 1:29:45]} e6 {[%clk 1:30:50]} 2. d4 {[%clk 1:29:59]} d5
{[%clk 1:31:17]} 3. Nd2 {[%clk 1:30:19]} Be7 {[%clk 1:30:08]} 4. Bd3
{[%clk 1:25:38]} c5 {[%clk 1:29:16]} 5. c3 {[%clk 1:25:40]} cxd4 {[%clk 1:25:30]}
6. cxd4 {[%clk 1:25:42]} Nc6 {[%clk 1:25:10]} 7. Ngf3 {[%clk 1:23:50]} dxe4
{[%clk 1:23:48]} 8. Nxe4 {[%clk 1:24:03]} Nf6 {[%clk 1:24:03]} 9. O-O
{[%clk 1:23:06]} O-O {[%clk 1:24:10]} 10. a3 {[%clk 1:08:42]} Nxd4
{[%clk 1:17:34]} 11. Nxf6+ {[%clk 1:08:13]} Bxf6 {[%clk 1:17:45]} 12. Be4
{[%clk 1:08:09]} e5 {[%clk 1:06:06]} 13. Qd3 {[%clk 0:56:40]} g6 {[%clk 1:05:50]}
14. Nxd4 {[%clk 0:37:08]} exd4 {[%clk 1:05:06]} 15. Qf3 {[%clk 0:34:12]} Be5
{[%clk 0:55:25]} 16. Kh1 {[%clk 0:26:26]} Qd6 {[%clk 0:42:05]} 17. Bd2
{[%clk 0:22:17]} a5 {[%clk 0:41:26]} 18. Rad1 {[%clk 0:18:51]} Ra7
{[%clk 0:38:29]} 19. b4 {[%clk 0:10:23]} b6 {[%clk 0:37:41]} 20. Bc3
{[%clk 0:10:20]} Rd8 {[%clk 0:36:36]} 21. Rd2 {[%clk 0:09:20]} Rc7
{[%clk 0:33:38]} 22. Bb2 {[%clk 0:04:38]} f5 {[%clk 0:32:42]} 23. Bb1
{[%clk 0:04:25]} Bb7 {[%clk 0:30:12]} 24. Qh3 {[%clk 0:03:10]} axb4
{[%clk 0:28:35]} 25. Ba2+ {[%clk 0:03:36]} Kg7 {[%clk 0:27:29]} 26. Qb3
{[%clk 0:01:14]} bxa3 {[%clk 0:23:29]} 27. Bxa3 {[%clk 0:01:25]} Qd5
{[%clk 0:23:34]} 28. Qh3 {[%clk 0:01:15]} Qa5 {[%clk 0:23:22]} 29. Rd3
{[%clk 0:00:37]} Ba6 {[%clk 0:21:44]} 30. Qh4 {[%clk 0:00:54]} Bxd3
{[%clk 0:20:27]} 31. Qxd8 {[%clk 0:01:16]} Qxa3 {[%clk 0:20:39]} 0-1

[Event "V. Dvorkovich Cup 2015 juniors"]
[Site "Moscow"]
[Date "2015.06.23"]
[Round "1.10"]
[White "Yayloyan ARM, Konstantin"]
[Black "Tokranovs LAT, Dmitrijs"]
[Result "0-1"]
[LiveChessVersion "1.4.4"]
[BlackElo "2192"]
[WhiteElo "2171"]

1. d4 {[%clk 1:30:50]} d5 {[%clk 1:30:04]} 2. c4 {[%clk 1:31:00]} dxc4
{[%clk 1:30:16]} 3. e3 {[%clk 1:28:29]} e6 {[%clk 1:30:39]} 4. Bxc4
{[%clk 1:28:34]} c5 {[%clk 1:30:23]} 5. Nf3 {[%clk 1:28:10]} Nf6 {[%clk 1:30:37]}
6. O-O {[%clk 1:27:42]} Nc6 {[%clk 1:31:01]} 7. Nc3 {[%clk 1:27:43]} a6
{[%clk 1:28:23]} 8. a4 {[%clk 1:22:59]} cxd4 {[%clk 1:27:22]} 9. exd4
{[%clk 1:22:26]} Be7 {[%clk 1:27:46]} 10. Re1 {[%clk 1:16:32]} O-O 11. Bg5
{[%clk 1:11:36]} Qb6 {[%clk 1:21:01]} 12. Qd2 {[%clk 0:57:41]} Rd8
{[%clk 1:12:27]} 13. Rad1 {[%clk 0:55:42]} Bd7 {[%clk 1:08:01]} 14. Ba2
{[%clk 0:38:03]} Be8 {[%clk 0:58:37]} 15. Bb1 {[%clk 0:36:42]} Rd7
{[%clk 0:56:51]} 16. Qc2 {[%clk 0:22:45]} Nb4 {[%clk 0:49:58]} 17. Qe2
{[%clk 0:22:44]} h6 {[%clk 0:49:08]} 18. Bh4 {[%clk 0:20:02]} Rad8
{[%clk 0:34:50]} 19. Ne4 {[%clk 0:19:07]} Nc6 {[%clk 0:31:41]} 20. Nxf6+
{[%clk 0:15:49]} Bxf6 {[%clk 0:31:54]} 21. Bxf6 {[%clk 0:14:04]} gxf6
{[%clk 0:32:19]} 22. Qe4 {[%clk 0:11:06]} Nxd4 {[%clk 0:31:40]} 23. Qh7+
{[%clk 0:09:08]} Kf8 {[%clk 0:32:04]} 24. Qxh6+ {[%clk 0:08:47]} Ke7
{[%clk 0:32:28]} 25. Rxd4 {[%clk 0:05:58]} Rxd4 {[%clk 0:32:46]} 26. Nxd4
{[%clk 0:06:03]} Rxd4 {[%clk 0:32:11]} 27. Qe3 {[%clk 0:02:43]} Bxa4
{[%clk 0:31:51]} 28. h4 {[%clk 0:01:45]} Qxb2 {[%clk 0:17:16]} 29. Be4
{[%clk 0:01:52]} b5 {[%clk 0:07:41]} 30. Re2 {[%clk 0:01:00]} Rd1+
{[%clk 0:07:25]} 31. Kh2 {[%clk 0:01:14]} Qd4 {[%clk 0:07:31]} 32. Qa3+
{[%clk 0:00:40]} Qd6+ {[%clk 0:07:55]} 33. Qxd6+ {[%clk 0:01:07]} Rxd6
{[%clk 0:08:09]} 34. h5 {[%clk 0:01:25]} f5 {[%clk 0:07:30]} 35. Bxf5
{[%clk 0:00:45]} Bd1 {[%clk 0:07:55]} 36. Re3 {[%clk 0:00:43]} Bxh5
{[%clk 0:08:19]} 37. g4 {[%clk 0:01:05]} Bg6 {[%clk 0:08:42]} 38. Bxg6
{[%clk 0:01:34]} fxg6 {[%clk 0:09:04]} 39. f4 {[%clk 0:02:04]} Rd4
{[%clk 0:09:15]} 40. Kg3 {[%clk 0:32:07]} Kf7 {[%clk 0:37:45]} 41. Rc3
{[%clk 0:31:36]} Rc4 {[%clk 0:37:42]} 42. Rd3 {[%clk 0:32:02]} Ke7
{[%clk 0:37:42]} 43. Ra3 {[%clk 0:31:41]} Rc6 {[%clk 0:37:57]} 44. Kh4
{[%clk 0:32:07]} b4 {[%clk 0:37:47]} 45. Re3 {[%clk 0:32:24]} Rc5
{[%clk 0:37:55]} 0-1